Protección, producción, promoción : (Registro nro. 12390)
[ vista simple ]
| 000 -LEADER | |
|---|---|
| fixed length control field | 01869cam a2200325 i 4500 |
| 003 - CONTROL NUMBER IDENTIFIER | |
| control field | OSt |
| 005 - DATE AND TIME OF LATEST TRANSACTION | |
| control field | 20210908080804.0 |
| 008 - FIXED-LENGTH DATA ELEMENTS--GENERAL INFORMATION | |
| fixed length control field | 160523r20162015ck a r 000 0 spa d |
| 020 ## - INTERNATIONAL STANDARD BOOK NUMBER | |
| International Standard Book Number | 9789587742787 |
| 040 ## - CATALOGING SOURCE | |
| Original cataloging agency | CO-BoPUJ |
| Transcribing agency | CO-JMCR |
| 041 0# - LANGUAGE CODE | |
| Language code of text/sound track or separate title | spa |
| 082 04 - DEWEY DECIMAL CLASSIFICATION NUMBER | |
| Classification number | 338.188 / |
| Item number | H638p |
| Edition number | 23 |
| 100 1# - MAIN ENTRY--PERSONAL NAME | |
| Personal name | Higinio Maldonado, Jorge, |
| Relator term | autor |
| 9 (RLIN) | 15962 |
| 245 10 - TITLE STATEMENT | |
| Title | Protección, producción, promoción : |
| Remainder of title | explorando sinergias entre protección social y fomento productivo en América Latina / |
| Statement of responsibility, etc. | compiladores Jorge Higinio Maldonado [y otros 3] ; autores José Antonio Ocampo, Felipe García [y otros 29] |
| 260 ## - PUBLICATION, DISTRIBUTION, ETC. | |
| Place of publication, distribution, etc. | Bogotá : |
| Name of publisher, distributor, etc. | Universidad de los Andes, Facultad de Economía, |
| Date of publication, distribution, etc. | 2015. |
| 300 ## - PHYSICAL DESCRIPTION | |
| Extent | xx, 523 páginas : |
| Other physical details | ilustraciones, gráficas y tablas ; |
| Dimensions | 23 cm. |
| 504 ## - BIBLIOGRAPHY, ETC. NOTE | |
| Bibliography, etc. note | Incluye referencias bibliográficas. |
| 505 0# - FORMATTED CONTENTS NOTE | |
| Miscellaneous information | Sinergias entre políticas de protección social y proyectos de desarrollo rural: aproximación desde la literatura existente y la teoría. -- Transferencias monetarias condicionadas y políticas de desarrollo en Brasil: posibles sinergias entre bolsa familiar y el Pronaf. -- Efectos sinérgicos entre el ingreso ético familiar. -- El programa de combate a la pobreza y las políticas de desarrollo rural |
| 650 14 - SUBJECT ADDED ENTRY--TOPICAL TERM | |
| Topical term or geographic name entry element | Desarrollo rural |
| Geographic subdivision | América Latina |
| 9 (RLIN) | 40124 |
| 650 24 - SUBJECT ADDED ENTRY--TOPICAL TERM | |
| Topical term or geographic name entry element | Transferencias monetarias |
| Geographic subdivision | América Latina |
| 9 (RLIN) | 40125 |
| 650 24 - SUBJECT ADDED ENTRY--TOPICAL TERM | |
| Topical term or geographic name entry element | Programas de desarrollo |
| Geographic subdivision | América Latina |
| 9 (RLIN) | 40126 |
| 651 #4 - SUBJECT ADDED ENTRY--GEOGRAPHIC NAME | |
| Geographic name | América Latina |
| General subdivision | condiciones rurales |
| 9 (RLIN) | 40127 |
| 700 1# - ADDED ENTRY--PERSONAL NAME | |
| Personal name | García Pineda, Felipe |
| Relator term | autor |
| 9 (RLIN) | 40128 |
| 700 1# - ADDED ENTRY--PERSONAL NAME | |
| Personal name | Maldonado, Jorge Higinio |
| Relator term | compilador |
| 9 (RLIN) | 40129 |
| 700 1# - ADDED ENTRY--PERSONAL NAME | |
| Personal name | Moreno Sánchez, Rocío del Pilar |
| Relator term | compiladora |
| 9 (RLIN) | 40130 |
| 700 1# - ADDED ENTRY--PERSONAL NAME | |
| Personal name | Gómez, Jhon Alexander |
| Relator term | compilador |
| 9 (RLIN) | 40131 |
| 700 1# - ADDED ENTRY--PERSONAL NAME | |
| Personal name | León Jurado, Viviana |
| Relator term | compiladora |
| 9 (RLIN) | 40132 |
| 710 2# - ADDED ENTRY--CORPORATE NAME | |
| Corporate name or jurisdiction name as entry element | Universidad de los Andes (Bogotá, Colombia) |
| 9 (RLIN) | 40133 |
| 942 ## - ADDED ENTRY ELEMENTS (KOHA) | |
| Source of classification or shelving scheme | Dewey Decimal Classification |
| Koha item type | Books |
| Withdrawn status | Lost status | Source of classification or shelving scheme | Damaged status | Not for loan | Home library | Current library | Shelving location | Date acquired | Source of acquisition | Full call number | Barcode | Date last seen | Copy number | Price effective from | Koha item type |
|---|---|---|---|---|---|---|---|---|---|---|---|---|---|---|---|
| Dewey Decimal Classification | Biblioteca Pública José María del Castillo y Rada | Biblioteca Pública José María del Castillo y Rada | General Stacks | 04/15/2018 | Donación | 338.188 / H638p | 430001454 | 05/16/2024 | Ej.1 | 03/10/2021 | Books |